| 000 | 00508nam a22001337a 4500 | ||
|---|---|---|---|
| 008 | 220929b |||||||| |||| 00| 0 eng d | ||
| 082 | _aEnglish Cap No.109 | ||
| 100 | _aLham, Dechen | ||
| 245 | _aThe depiction and the role of women in " I wont ask mother"," I am a small person", "A letter and a note" from the book" Tales in Colors and other stories by Kunzang Choden | ||
| 260 |
_aThimphu : _bRoyal Thinphu College, _c2021. |
||
| 300 |
_a34 p. _c30 cm. |
||
| 650 | _aStudent research work | ||
| 942 | _2ddc | ||
| 999 |
_c9128 _d9129 |
||